El concepto de convencionalidad: vicisitudes para su construcción sustancial en el sistema interamericano de derechos humanos, ideas fuerza rectoras
Αποθηκεύτηκε σε:
| Κύριος συγγραφέας: | |
|---|---|
| Μορφή: | Βιβλίο |
| Γλώσσα: | Ισπανικά |
| Έκδοση: |
Bogotá
Universidad Externado de Colombia
2017
|
| Θέματα: | |
| Ετικέτες: |
Προσθήκη ετικέτας
Δεν υπάρχουν, Καταχωρήστε ετικέτα πρώτοι!
|
MARC
| LEADER | 00000cam a2200000 a 4500 | ||
|---|---|---|---|
| 001 | UCC9318 | ||
| 003 | CL-VaPUC | ||
| 008 | 190927e20170000ck |||||||||||||||||spa|d | ||
| 020 | |a 9789587727012 | ||
| 082 | 0 | 4 | |a 341.481 |b SAN |2 21 |
| 100 | 0 | |a Santofimio Gamboa, Jaime Orlando |e author |9 604328 | |
| 245 | 1 | 3 | |a El concepto de convencionalidad: vicisitudes para su construcción sustancial en el sistema interamericano de derechos humanos, ideas fuerza rectoras |
| 300 | |a 716 p | ||
| 942 | |c BK | ||
| 945 | |d 20190927 15:31:00 |a cmena | ||
| 260 | |a Bogotá |b Universidad Externado de Colombia |c 2017 | ||
| 600 | 0 | 7 | |a CORTE INTERAMERICANA DE DERECHOS HUMANOS |2 CL-VaPUC |9 604329 |
| 650 | 0 | |a Derechos humanos |9 223025 | |
| 650 | 7 | |a GARANTIAS CONSTITUCIONALES |2 CL-VaPUC |9 604330 | |
| 650 | 0 | |a Derecho internacional |9 255637 | |
| 583 | |a last modification |c 20190927 15:31:00 |k Rodrigo Vera | ||
| 999 | |c 375504 |d 375502 | ||
| 952 | |0 0 |1 0 |3 erb |4 0 |6 341_481000000000000_SAN_2017 |7 0 |8 WP_COW |9 561369 |a BIBDER |b BIBDER |e Fundación W and P Cowley |i 5600480 |o 341.481 SAN 2017 |p 5600480 |r 2023-01-25 |w 2020-03-12 |y BK |z Catalogado en:20190927 |k WPC | ||